000 00380nam a2200133Ia 4500
003 GCL
008 140319s9999 xx 000 0 ara d
040 _aGCL /
_cGCL
082 0 4 _a796.32
_bم ه
100 1 _aمحمد عبدالرحيم اسماعيل
245 1 0 _aالهجوم فى كرة السلة /
_cمحمد عبدالرحيم اسماعيل
300 _a285 ص
490 _a
999 _c43318
_d43318